000 00394nam a22001577a 4500
020 _a9788192159256
082 _aM4
_bAJA/A
100 _aAjayakumar
245 _aAnukalika kalachinthakal/
_cby Ajayakumar
260 _aThrissur:
_bKerala Laithakala Academy,
_c2011.
300 _a228p.
650 _aEssays Malayalam
650 _aLiterature Malayalam
650 _aLiterature
942 _cBK
999 _c65085
_d65085